Slavjanskoje jazykoznanije zapadnoslavjanskije jazyki : dopuščeno Vsesojuznym Komitetom po delam vysšej školy pri SNK SSSR v kačestve učebnogo posobija dlja studentov gosudarstvennych universitetov i pedagogičeskich vuzov

Podrobná bibliografia
Hlavný autor: Seliščev, Afanasij Matvejevič, 1886-1942 (Autor)
Médium: Kniha
Jazyk:ruština
slovenčina
čeština
Fyzický popis:466 strán faksimile, ilustrácie 22 cm
Vydavateľské údaje: Moskva LIBROKOM 2017
ISBN:9785397058018
Vydanie:Izdanije stereotipnoje
Edícia:Lingvističeskoje nasledije XX veka
Predmet:

MARC

LEADER 00000cam a2200000 4500
001 vtls011753812
003 SK-MaSNL
005 20260301222912.0
008 200612s2017 ru ha frp 001 0drus
015 |a SNBZSA2018/06 
020 |a 9785397058018  |q (brožované) 
035 |a urn:nbn:sk:snk-am00dm4n 
035 |a urn:nbn:sk:snk-am3i6sf 
035 |a 417B57AA-196E-42D9-93F0-C4C3047001D2 
040 |a SNK  |b slo  |c SNK  |e rda 
041 0 |a rus  |a slo  |a cze 
044 |a ru  |c RU 
072 7 |a 811.162  |x Západoslovanské jazyky  |2 konspekt 
072 7 |a 81  |x Lingvistika. Jazyky  |2 konspekt 
080 |a 811.162  |2 2011 
080 |a 81-112  |2 2011 
080 |a 81'28  |2 2011 
080 |a (075.8)  |2 2011 
100 1 |a Seliščev, Afanasij Matvejevič,  |d 1886-1942  |4 aut  |9 155043 
245 1 0 |a Slavjanskoje jazykoznanije  |b zapadnoslavjanskije jazyki : dopuščeno Vsesojuznym Komitetom po delam vysšej školy pri SNK SSSR v kačestve učebnogo posobija dlja studentov gosudarstvennych universitetov i pedagogičeskich vuzov  |c A.M. Seliščev 
250 |a Izdanije stereotipnoje 
264 1 |a Moskva  |b LIBROKOM  |c 2017 
300 |a 466 strán  |b faksimile, ilustrácie  |c 22 cm 
336 |a text  |b txt  |2 rdacontent 
337 |a bez média  |b n  |2 rdamedia 
338 |a zväzok  |b nc  |2 rdacarrier 
490 1 |a Lingvističeskoje nasledije XX veka 
500 |a Obsahuje biografické údaje o autorovi na zadnej obálke 
504 |a Obsahuje bibliografické odkazy; register 
546 |a Text čiastočne v slovenčine a češtine 
650 0 7 |a západoslovanské jazyky  |2 SNKPH  |9 1320 
650 0 7 |a historická lingvistika  |2 SNKPH  |9 66914 
650 0 7 |a dialektológia  |2 SNKPH  |9 13485 
650 0 7 |a West Slavic languages  |2 SNKPHeng  |9 332284 
650 0 7 |a Historical linguistics  |2 SNKPHeng  |9 111133 
650 0 7 |a Dialectology  |2 SNKPHeng  |9 328052 
655 7 |a učebnice vysokých škôl  |2 SNKPH  |9 70191 
655 7 |a Textbooks (higher)  |2 SNKPHeng  |9 276436 
830 0 |a Lingvističeskoje nasledije XX veka  |9 332285 
919 |a 978-5-397-05801-8 
958 |a ZS 
958 |a NB 
958 |a RU 
999 |c 941539  |d 943469 
952 |a SNK  |b SNK  |y PREZ  |7 0  |p 17A1324004  |o snkSC 179457  |i snk2018/10037  |8 4  |g 28.60  |0 0  |1 0  |4 0  |d 2018-04-27  |f 1  |l 0  |r 2026-02-24 09:21:15  |w 2026-02-24